العلاقات الزوجية والحياة الأسرية من منظور طبي إسلامي / (رقم التسجيلة. 50934)
[ عرض عادي ]
| 000 -الفاتح | |
|---|---|
| عناصر البيانات ثابتة الطول | 00942cam a2200229 i 4500 |
| 005 - تاريخ ووقت آخر معاملة | |
| حقل ضبط | 20251118105638.0 |
| 008 - عناصر البيانات ثابتة الطول | |
| عناصر البيانات ثابتة الطول | 250721s1995 ua gr 000 0 ara d |
| 020 ## - الترقيم الدولي المعياري للكتب (ردمك) | |
| الترقيم الدولي المعياري للكتب (ردمك) | 9775631009 |
| 082 14 - رقم تصنيف ديوي العشري | |
| رقم التصنيف | 216.5 |
| رقم المادة | ع ب د |
| 100 1# - مدخل رئيسي – اسم شخصي | |
| الاسم الشخصي | عبد العزيز، عبد الحميد محمد |
| علاقة الشخص بالعمل/ دوره | مؤلف. |
| 245 12 - بيان العنوان | |
| العنوان | العلاقات الزوجية والحياة الأسرية من منظور طبي إسلامي / |
| بيان المسؤولية | الأستاذ الدكتور عبد الحميد محمد عبد العزيز. |
| 250 ## - بيان الطبعة | |
| بيان الطبعة | الطبعة الأولى. |
| 264 31 - بيانات النشر، التوزيع…إلخ | |
| مكان النشر، التوزيع...إلخ | القاهرة : |
| اسم الناشر، الموزع...إلخ | دار الآفاق العلمية للطباعة و النشر و التوزيع، |
| تاريخ النشر، التوزيع...إلخ | 1995. |
| 300 ## - الوصف المادي | |
| عدد الوحدات المكونة للوعاء | 148 صفحة. |
| 490 0# - بيان السلسلة | |
| عنوان السلسلة | سلسلة كتاب الأسرة ؛ |
| رقم الوعاء في السلسلة | رقم 2. |
| 650 17 - مدخل إضافي بالموضوع - مصطلح موضوعي | |
| مصطلح موضوعي أو اسم جغرافي كعنصر مدخل | الأسرة. |
| 650 17 - مدخل إضافي بالموضوع - مصطلح موضوعي | |
| مصطلح موضوعي أو اسم جغرافي كعنصر مدخل | الإسلام. |
| 650 17 - مدخل إضافي بالموضوع - مصطلح موضوعي | |
| مصطلح موضوعي أو اسم جغرافي كعنصر مدخل | الأمراض. |
| 830 #0 - مدخل إضافي بالسلسلة-عنوان مقنن | |
| عنوان السلسسلة | سلسلة كتاب الأسرة. |
| 942 ## - بيانات إضافية (كوها) | |
| نوع التنصيف | Dewey Decimal Classification |
| نوع المادة (كوها) | كتب |
| حالة السحب | حالة الفقدان | مصدر التصنيف | حالة التلف | غير قابل للإعارة | المكتبة الرئيسية | المكتبة الحالية | موقع الرف | تاريخ التزويد | الرقم المتسلسل | Total Checkouts | رقم الإستدعاء | الباركود | تاريخ آخر ظهور | تاريخ الفاتورة | نوع المادة (كوها) |
|---|---|---|---|---|---|---|---|---|---|---|---|---|---|---|---|
| Dewey Decimal Classification | المكتبة المركزية | المكتبة المركزية | الإعارة | 06/07/2004 | 225061 | 216.5 / ع ب د | 225061 | 28/07/2025 | 06/07/2004 | كتب | |||||
| Dewey Decimal Classification | Unchecked | مكتبة الأميرة ايمان العامة | مكتبة الأميرة ايمان العامة | الإعارة | 06/07/2004 | 8300 | 216.5/عبد | 28/07/2025 | 06/07/2004 | كتب | |||||
| Dewey Decimal Classification | مكتبة صويلح العامة | مكتبة صويلح العامة | الإعارة | 09/11/2015 | [11173 | 216.5/عبد | PLD00363128 | 28/07/2025 | 09/11/2015 | كتب |